| 000 | 00885 a2200445 4500 | ||
|---|---|---|---|
| 000 | BKB | ||
| 001 | 069331 | ||
| 005 | 20200902150246.0 | ||
| 008 | |||
| 010 | _a | ||
| 020 | _a | ||
| 082 |
_a367.7 _bG86E |
||
| 100 | 1 | _aGregory, Kenneth J. | |
| 110 | _a | ||
| 245 | 1 |
_aEnvironmental sciences _cby Kenneth J. Gregory...[et.al.] |
|
| 250 | _a | ||
| 260 |
_aNew Delhi _bSage Publications _c2009 |
||
| 300 | _a441p. | ||
| 490 |
_a _v |
||
| 500 | _a | ||
| 600 | _a | ||
| 610 | _a | ||
| 611 | _a | ||
| 630 | _a | ||
| 650 | _a | ||
| 651 | _a | ||
| 654 | _a | ||
| 690 | _aEnvironmental sciences | ||
| 700 |
_aSimmons, Tan G. _b _c |
||
| 710 |
_a _b _c |
||
| 711 | _a | ||
| 720 | _a | ||
| 730 | _a | ||
| 740 | _a | ||
| 752 | _a | ||
| 856 |
_a _d _f |
||
| 904 | _a | ||
| 964 |
_a _b _c _d _e _f _g |
||
| 965 | _a | ||
| 999 |
_c2896 _d2896 |
||